00749 2200253 4500001002100000005001700021008004100038020001800079035002400097040001200121082001100133090001800144100001900162245007500181250001000256260003300266300002300299500010600322500001100428650001400439850001200453990001500465990001500480YOGYA-0209000003753520090227025251.0 ind  a979-98194-2-3 0010-020900000037535 aYOPDYOG a320.5P a320.5PbAbd M aABDUL KARIM, M aMenggali muatan Pancasila dalam perspektif Islamcoleh, M. Abdul Karim aCet.1 aYogyakartabSurya Rayac2004 axv, 111 hlmc21 cm aDiterbitkan Surya Raya bekerja sama dengan Sunan Kalijaga Press JogjakartabBibliografi : hlm. 94-100 bIndeks aPancasila aYOPDYOG a05B0010555 a05B0010556